000 00750nam a2200169 a 4500
008 080310s1999 ||||||||||||||||| || u
050 _aUSAID(02)
110 _aUnited States Agency for International Development (USAID)
245 1 0 _aReport on a Consultative Meeting on AIDS as a Development Crisis in Africa: rethinking strategies and results
260 _aNew York
_bUnited States Agency for International Develoment
_c1999
300 _a38p.
350 _a0.00
500 _aThe Report of September 29 - October 1, 1999
650 _aAIDS (DISEASE)--EPIDEMIC--AFRICA
650 _aHEALTH
995 _D0.00
_FCBU-MAIN LIBRARY (Kitwe)
_H1
_I0.00
_M1
_UAVAILABLE
_WAug 27, 2008
_ZInternational Publications
999 _c56182
_d56182